Principios de derecho administrativo
Đã lưu trong:
| Tác giả chính: | |
|---|---|
| Định dạng: | Sách |
| Ngôn ngữ: | Tiếng Tây Ban Nha |
| Được phát hành: |
Madrid, España:
Centro de Estudios Ramón Areces,
2002.
|
| Phiên bản: | Tercera edición. |
| Loạt: | Colección Ceura
|
| Những chủ đề: | |
| Các nhãn: |
Thêm thẻ
Không có thẻ, Là người đầu tiên thẻ bản ghi này!
|
MARC
| LEADER | 00000nam a2200000 a 4500 | ||
|---|---|---|---|
| 001 | UCK3861 | ||
| 003 | CL-VaPUC | ||
| 005 | 20250122170316.0 | ||
| 008 | 050513e20020000SP |||||||||||||||||spa|d | ||
| 999 | |c 312912 |d 312910 | ||
| 020 | |a 8480045485 | ||
| 020 | |a 8480045507v.2 | ||
| 040 | |c Pontificia Universidad Católica de Valparaíso | ||
| 082 | 0 | 4 | |a 342.4606 SAN 2002 |2 21 |
| 100 | |a Santamaría Pastor, Juan Alfonso |e autor |9 297746 | ||
| 245 | 1 | 0 | |a Principios de derecho administrativo |
| 250 | |a Tercera edición. | ||
| 260 | |a Madrid, España: |b Centro de Estudios Ramón Areces, |c 2002. | ||
| 300 | |a 2 volúmenes. | ||
| 490 | 0 | |a Colección Ceura | |
| 583 | |a last modification |c 20050513 00:00:00 |k Rodrigo Vera | ||
| 650 | 0 | |a Derecho administrativo |9 895766 |z España | |
| 650 | 0 | |a Administración pública |9 255343 | |
| 650 | 0 | |a Derecho español |9 255291 | |
| 942 | |c BK |2 ddc | ||
| 945 | |d 20050513 00:00:00 |a cmena | ||
| 952 | |0 0 |1 0 |2 ddc |4 0 |6 342_460600000000000_SAN_2002 |7 0 |8 A |9 383770 |a BIBDER |b BIBDER |d 2019-11-22 |h v.II |i 412412K |l 6 |m 1 |o 342.4606 SAN 2002 |p 412412K |r 2025-03-26 |s 2025-03-18 |t 1 |w 2019-11-22 |y BK |k DER | ||